00326nam a2200121Ia 4500008004100000041000800041082001400049100002100063245004500084260004100129300002300170365001100193240624s9999 xx 000 0 und d aeng a023.4 BEC aBECK SARA RAMSER aLIBRARY TRAINING FOR STAFF AND CUSTOMERS c2005aMumbaibJaico Publishing House a99 : p. : cm. ; 24 cRSb30